| 000 | 01166cam a22003254a 4500 | ||
|---|---|---|---|
| 001 | 11985395 | ||
| 003 | SISC | ||
| 005 | 20160404100256.0 | ||
| 008 | 000425s2001 mnu b 001 0 eng | ||
| 010 | _a 00032750 | ||
| 020 | _a9780736807012 | ||
| 040 |
_aDLC _cDLC _dDLC |
||
| 042 | _apcc | ||
| 050 | 0 | 0 |
_aHQ 770.4 _b.T49 2001 |
| 082 | 0 | 0 |
_aHS 649.64 _b.K28 2001 |
| 100 | 1 |
_aThoennes Keller, Kristin. _910282 |
|
| 245 | 1 | 0 |
_aDisciplining young children / _cKristin Thoennes Keller ; consultant, Ann Michelle Daniels. |
| 260 |
_aMinnesota : _bLife Matters, _cc2001. |
||
| 300 |
_a64 p. : _bill. ; _c24 cm. |
||
| 440 | 0 |
_aSkills for teens who parent _912969 |
|
| 504 | _aIncludes bibliographical references and index. | ||
| 562 | _d1 | ||
| 650 | 0 |
_aDiscipline of children. _xJuvenile literature. _912987 |
|
| 650 | 0 |
_aTeenage parents. _xJuvenile literature. _912988 |
|
| 700 | 1 |
_aDaniels, Ann Michelle. _912989 |
|
| 906 |
_a7 _bcbc _corignew _d1 _eocip _f20 _gy-gencatlg |
||
| 942 |
_2lcc _cBK |
||
| 999 |
_c9261 _d9261 |
||